[Event "HUN-chT3"]
[Site "Hungary"]
[Date "1997.??.??"]
[Round "?"]
[White "Kaltenecker, Antal"]
[Black "Maraczi, Erno"]
[Result "0-1"]
[WhiteElo "2020"]
[BlackElo "2115"]
[PlyCount "192"]
[EventDate "1997.??.??"]
[EventType "team"]
[EventRounds "13"]
[EventCountry "HUN"]
[SourceTitle "EXT 2001"]
[Source "ChessBase"]
[SourceDate "2000.11.22"]
[SourceVersion "1"]
[SourceVersionDate "2000.11.22"]
[SourceQuality "1"]

1. e4 c5 2. Nf3 a6 3. d4 cxd4 4. Nxd4 Nf6 5. Nc3 e5 6. Nf3 Bb4 7. Bd3 Bxc3+ 8. bxc3 Qc7 9. Bd2 d5 10. Qe2 0-0 11. 0-0 Bg4 12. Rfe1 Nbd7 13. Qe3 Nc5 14. Ng5 h6 15. f3 hxg5 16. fxg4 Ncxe4 17. h3 Nxd2 18. Qxd2 e4 19. Bf1 Qf4 20. Qd4 Rfe8 21. Re3 Rac8 22. g3 Qe5 23. Qxe5 Rxe5 24. a4 Re7 25. Ra3 Rec7 26. Rb3 Ne8 27. c4 dxc4 28. Rb6 Nf6 29. Rd6 Rc6 30. Rd4 b5 31. axb5 axb5 32. Bg2 Re8 33. Kf2 b4 34. Ke1 c3 35. Rxb4 Ra8 36. Bxe4 Nxe4 37. Rbxe4 Ra1+ 38. Kf2 Rh1 39. Kg2 Rd1 40. Re2 Rcd6 41. R4e3 R1d2 42. Kf2 Rf6+ 43. Rf3 Rh6 44. Rxc3 Rxe2+ 45. Kxe2 Rxh3 46. Kf3 Rh6 47. Rc7 Rf6+ 48. Kg2 Re6 49. Rc8+ Kh7 50. c4 Ra6 51. c5 Kg6 52. c6 Kf6 53. c7 Rc6 54. Kf3 Ke7 55. Ke4 g6 56. Kd5 Rc1 57. Ke4 Kd6 58. Kd4 Rxc7 59. Rd8+ Ke7 60. Rb8 Rc1 61. Ke3 Rf1 62. Ke2 Rf6 63. Rb7+ Kf8 64. Rb5 Re6+ 65. Kf3 f6 66. Rb8+ Kg7 67. Rb7+ Kh6 68. Rf7 Re1 69. Kf2 Re6 70. Kf3 Ra6 71. Kf2 f5 72. gxf5 gxf5 73. Rxf5 Kh5 74. Re5 Kg4 75. Re4+ Kh3 76. Re3 Ra2+ 77. Kf1 g4 78. Rd3 Kh2 79. Re3 Rg2 80. Re5 Kxg3 81. Rc5 Ra2 82. Rc3+ Kh2 83. Re3 Ra1+ 84. Kf2 g3+ 85. Kf3 Rf1+ 86. Ke2 Rf7 87. Re8 Kg1 88. Rg8 Kg2 89. Rg6 Re7+ 90. Kd3 Kf3 91. Rf6+ Kg4 92. Rg6+ Kf4 93. Rf6+ Kg5 94. Rf3 Kg4 95. Rf8 Re5 96. Rf7 g2 0-1